Cronaca (fragmentos) /
Guardado en:
| Autor Principal: | |
|---|---|
| Formato: | Libro |
| Publicado: |
Buenos Aires :
Fac. Filosofia Y Letras, Uba,
1963
|
| Series: | Historia Social, 2tomado de: "la cronica", de Dino Compagni, Ed. Garzanti, 1945.-
|
| Materias: | |
| Etiquetas: |
Agregar Etiqueta
Sin Etiquetas, Sea el primero en etiquetar este registro!
|
| LEADER | 00646nam a22001815a 4500 | ||
|---|---|---|---|
| 001 | EHU.bham024694 | ||
| 003 | AR-BHAM | ||
| 005 | 20130507154425.0 | ||
| 008 | 130507s1963##################000#0#####d | ||
| 082 | 9 | 0 | |a 900 |
| 100 | 1 | |a Villani, Giovanni | |
| 245 | 1 | 0 | |a Cronaca (fragmentos) / |c Giovanni Villani |
| 260 | |a Buenos Aires : |b Fac. Filosofia Y Letras, Uba, |c 1963 | ||
| 300 | |a 13 p. | ||
| 490 | 0 | |a Historia Social, 2tomado de: "la cronica", de Dino Compagni, Ed. Garzanti, 1945.- | |
| 653 | |a Historia | ||
| 859 | |a AR-BHAM |b BIB. HUMANIDADES - General |h 900 |i H629 |p 1144.61 |t Ej.1 |v 2 |3 2 | ||
| 859 | |a AR-BHAM |b BIB. HUMANIDADES - General |h 900 |i H629 |p 860.64 |t Ej.1 |v 2 |3 2 | ||
